The Christian and the Pharisee : (Record no. 9818)
[ view plain ]
| 000 -LEADER | |
|---|---|
| fixed length control field | 01242cam a22003374a 4500 |
| 001 - CONTROL NUMBER | |
| control field | 69671859 |
| 003 - CONTROL NUMBER IDENTIFIER | |
| control field | OSt |
| 005 - DATE AND TIME OF LATEST TRANSACTION | |
| control field | 20210205152456.0 |
| 008 - FIXED-LENGTH DATA ELEMENTS--GENERAL INFORMATION | |
| fixed length control field | 060516s2007 nyu 000 0 eng |
| 010 ## - LIBRARY OF CONGRESS CONTROL NUMBER | |
| LC control number | 2006016348 |
| 024 3# - OTHER STANDARD IDENTIFIER | |
| Standard number or code | 9780446697347 |
| 040 ## - CATALOGING SOURCE | |
| Original cataloging agency | DLC |
| Transcribing agency | DLC |
| Modifying agency | YDX |
| -- | BAKER |
| -- | BTCTA |
| -- | YDXCP |
| -- | VP@ |
| 042 ## - AUTHENTICATION CODE | |
| Authentication code | pcc |
| 050 00 - LIBRARY OF CONGRESS CALL NUMBER | |
| Classification number | BM535 |
| Item number | .K33C |
| 082 ## - DEWEY DECIMAL CLASSIFICATION NUMBER | |
| Item number | K33C |
| 100 1# - MAIN ENTRY--PERSONAL NAME | |
| Personal name | Kendall, R. T |
| 245 14 - TITLE STATEMENT | |
| Title | The Christian and the Pharisee : |
| Remainder of title | two outspoken religious leaders debate the road to heaven / |
| Statement of responsibility, etc. | R.T. Kendall, David Rosen |
| 250 ## - EDITION STATEMENT | |
| Edition statement | 1st U.S. ed |
| 260 ## - PUBLICATION, DISTRIBUTION, ETC. | |
| Place of publication, distribution, etc. | New York : |
| Name of publisher, distributor, etc. | Faith Words, |
| Date of publication, distribution, etc. | 2007 |
| 300 ## - PHYSICAL DESCRIPTION | |
| Extent | xxii, 199 p. ; |
| Dimensions | 21 cm |
| 520 ## - SUMMARY, ETC. | |
| Summary, etc. | "Letters between two prominent religious thinkers form a bridge of understanding upon which Christians and Jews can meet and work together"--Provided by the publisher |
| 600 10 - SUBJECT ADDED ENTRY--PERSONAL NAME | |
| Personal name | Kendall, R. T. |
| Form subdivision | Correspondence |
| 600 10 - SUBJECT ADDED ENTRY--PERSONAL NAME | |
| Personal name | Rosen, David, |
| Dates associated with a name | 1951- |
| Form subdivision | Correspondence |
| 610 20 - SUBJECT ADDED ENTRY--CORPORATE NAME | |
| Corporate name or jurisdiction name as entry element | Church of the Nazarene |
| General subdivision | Clergy |
| Form subdivision | Correspondence |
| 630 00 - SUBJECT ADDED ENTRY--UNIFORM TITLE | |
| Uniform title | Bible |
| General subdivision | Criticism, interpretation, etc |
| 650 #0 - SUBJECT ADDED ENTRY--TOPICAL TERM | |
| Topical term or geographic name entry element | Christianity and other religions |
| General subdivision | Judaism |
| 650 #0 - SUBJECT ADDED ENTRY--TOPICAL TERM | |
| Topical term or geographic name entry element | Judaism |
| General subdivision | Relations |
| -- | Christianity |
| 650 #0 - SUBJECT ADDED ENTRY--TOPICAL TERM | |
| Topical term or geographic name entry element | Rabbis |
| Form subdivision | Correspondence |
| 700 1# - ADDED ENTRY--PERSONAL NAME | |
| Personal name | Rosen, David, |
| Dates associated with a name | 1951- |
| 942 ## - ADDED ENTRY ELEMENTS (KOHA) | |
| Source of classification or shelving scheme | Dewey Decimal Classification |
| Koha item type | Books |
| Withdrawn status | Lost status | Source of classification or shelving scheme | Damaged status | Not for loan | Collection code | Home library | Current library | Shelving location | Date acquired | Total Checkouts | Full call number | Barcode | Date last seen | Price effective from | Koha item type |
|---|---|---|---|---|---|---|---|---|---|---|---|---|---|---|---|
| Dewey Decimal Classification | Non-fiction | Harvest Mission College | Harvest Mission College | General Stacks | 09.02.2021 | 261.26 K33C | 011290 | 09.02.2021 | 09.02.2021 | Books |
